000 00324nam a2200097Ia 4500
008 220120s9999||||xx |||||||||||||| ||und||
100 _aMadan Gunaga, Manjushree, A.C and Mathan, A.V
_912314
245 0 _aDam crust gate control using GSM
260 _aCoorg Institute of Technology
_bPonnampet
_c2011
650 _aCOMPUTER SCIENCE
999 _c137900
_d137900